000 00381nam a22001457a 4500
082 _a658.114 5
100 _aStockdale T. M.
245 _aReminders for company secretaries
250 _a2ed
260 _abritain
_bH.T.Woodrow and co.ltd
_c1972
300 _aviii,126p.
_bill,;20cm.
650 _areminders for company secretaries
700 _aT. M.stockdale M.A.
942 _cBK
999 _c18660
_d18660